| 000 | 00383nam a2200121Ia 4500 | ||
|---|---|---|---|
| 008 | 231228s1996 xx 000 0 und d | ||
| 041 | _aeng | ||
| 082 |
_a658.403 JAY _bJAY |
||
| 100 | _aJAYARAMAN (MS) and NATRAJAN (Ganesh ) | ||
| 245 | _aImplementing BPR An Agenda for the CEO | ||
| 260 |
_aNew Delhi _bTata McGraw-Hil Publication Company Limited . Delhi _c1996 |
||
| 300 | _axi, 418 | ||
| 999 |
_c1082128 _d1082128 |
||